000 00449nam a2200181Ia 4500
008 100920s9999 xx 000 0 und d
082 _b69820
_a5 थ 96
100 _aKumar Ish.
245 _aMir Taqi Mir.
260 _bSAHITYA AKADEMI, NEW DELHI.
_c1996
300 _a100
_bसाधी
365 _b15
520 _aई.एल. ई.
630 _aMir Taqi Mir.
650 _aई.एल. ई.
730 _aMir Taqi Mir.
942 _cBOOK
999 _c711923
_d711920